| 000 | 00585nam a2200193 u 4500 | ||
|---|---|---|---|
| 005 | 20210223131359.0 | ||
| 008 | 100908s2007 r 000 0 eng d | ||
| 020 | _a9789689432319 | ||
| 035 | _aUPN01000177751 | ||
| 049 | _aCG | ||
| 050 | 4 |
_aTJ211.2 _bA8.7 |
|
| 100 | 1 |
_aAthié, Laura _934235 |
|
| 245 | 1 | 0 |
_aRobótica : _blos jóvenes que se atreven a hacerla en México / _cLaura Athie. |
| 260 |
_aMéxico : _bContenidos Estudiantiles Mexicanos, _c2007. |
||
| 300 |
_a111 p. : _bil. |
||
| 440 | 0 | _aRíos de tinta | |
| 650 | 4 |
_aROBOTS - _vLITERATURA JUVENIL _922453 |
|
| 905 | _aLibro | ||
| 999 |
_c149854 _d149854 |
||